00678 2200277 4500001002100000005001700021008004100038020001800079035002400097082000800121090001800129100001900147245003100166250001000197260003100207300001800238500002600256650001900282850001200301980001500313985000600328999001500334999001500349990001500364990002100379YOGYA-0209000005922820090227034624.0 ind  a979-413-779-0 0010-020900000059228 a420 a420bNap WlT aNAPA, Pieter A aWorking with offixesc1992 aCet.2 aYogyakartabKanisiusc1992 a66 hlmc21 cm aBibliografi : hlm. 66 aBahasa Inggris aYOPDYOG a22-07-2008 a1 a94P0047815 a95P0069449 a69449-P/95 aCB-D.11/1992-466